01279nac a22003857a 4500001001000000003000900010005001700019008003400036040005400070072001800124100001700142100001400159100001900173100002100192100002100213100001800234100002000252100001500272100001400287110007400301245017400375260004000549300001100589490008600600500004800686650001000734650002300744650002400767650001500791650001500806650001200821650001800833650002000851650002200871BR7909195BR-BrBNA20240105114600.0230509b bl.|||m| |||| 00| 0 por d aBR-BrBNAbporcBiblioteca Nacional de Agricultura aM00; M10; E701 aLeitao, I.F.1 aBem, N.P.1 aSilva, C.P. da1 aCunha, J.C.V. da1 aSilva, A. dos S.1 aLaurino, L.B.1 aZepra, M. da G.1 aGuns, A.C.1 aIanni, P.1 aComissao Estadual de Planejamento Agricola, Porto Alegre, RS (Brasil)1 aPlano estadual de pesca do Rio Grande do Sul 1980-1985 [producao pesqueira, industria pesqueira, importacao, exportacao, demanda, abastecimento, comercializacao, Brasil]3 aPorto Alegre, RS (Brasil): c1979.  av. 1-2 aPlano Estadual da Pesca - Comissao Estadual de Planejamento Agricola (Brazil)vx a48 tables; O CENAGRI, possui somente o v. 1 aPESCA aPRODUCAO PESQUEIRA aINDUSTRIA PESQUEIRA aIMPORTACAO aEXPORTACAO aDEMANDA aABASTECIMENTO aCOMERCIALIZACAO aRIO GRANDE DO SUL